Un mistero per Valentina /

Salvato in:
Dettagli Bibliografici
Natura: Libro
Lingua:italiano
Pubblicazione: Casale Monferrato : Piemme junior, 2001
Edizione:11. ed
Tags: Aggiungi Tag
Nessun Tag, puoi essere il primo ad aggiungerne!!

MARC

LEADER 00000nam a22000007i 4500
001 IT\ICCU\BAS\0281089
003 ItRI
005 20240924105124.0
008 171221s2001 it |||||| ||||| |||||c
020 |a 8838450242 
040 |b ita  |c CDM 
041 7 |a ita  |2 ISO-639-2 
245 0 3 |a Un mistero per Valentina /  |c Angelo Petrosino ; illustrazioni di Sara Not. 
250 |a 11. ed 
260 |a Casale Monferrato :  |b Piemme junior,  |c 2001 
300 |a 198 p. :  |b ill. ;  |c 19 cm. 
942 |2 ddc  |c BK 
952 |0 0  |1 0  |2 ddc  |4 0  |6 853_000000000000000_PET_MIS  |7 1  |9 2039  |a RA  |b RA  |d 2024-09-24  |l 0  |o 853 PET MIS  |p 9637  |r 2024-09-24 10:52:24  |w 2024-09-24  |y BK  |z Sezione ragazz3 
981 1 |6 z01  |a i   |b xxxeee 
982 1 |6 z01  |a n 
999 |c 1786  |d 1786